Score 0/7 Timer 01:00
0 Plays Today
% Correct
Edinburgh
95.8%
Glasgow
94.8%
Aberdeen
94.5%
Dundee
86.1%
Inverness
83.7%
Perth
61%
Stirling
59.5%

Today's Daily Dose

Missing Word
Marvin Gaye Songs

Quick Pick
Movies of 2019

Get the Picture
Chinese Cities

You're not logged in!

Compare scores with friends on all Sporcle quizzes.
OR
Log In

Sporcle TV

Today on Sporcle TV


Watch our educational content, quiz creation guides, and fun videos on Sporcle TV.

Show Comments

Extras

Top Quizzes Today


Score Distribution

Your Account Isn't Verified!

In order to create a playlist on Sporcle, you need to verify the email address you used during registration. Go to your Sporcle Settings to finish the process.

Report this User

Report this user for behavior that violates our Community Guidelines.

Details: